Fire Emblem Heroes Dragon Infantry Units - Statistics

General Stats
  • This quiz has been taken 78 times
    33 since last reset
  • The average score is 38 of 45
Answer Stats
Answer % Correct
Bantu
100%
Corrin (F)
100%
Corrin (F) (Adrift)
100%
Corrin (F) (Fallen)
100%
Corrin (F) (Halloween)
100%
Corrin (F) (Legendary)
100%
Corrin (M) (Adrift)
100%
Corrin (M) (Fallen)
100%
Corrin (M) (Halloween)
100%
Corrin (M) (Legendary)
100%
Fae
100%
Fae (Legendary)
100%
Nils
100%
Nils (Halloween)
100%
Nils (Ice)
100%
Ninian
100%
Ninian (Fallen)
100%
Nowi
100%
Rhea
100%
Rhea (Halloween)
100%
Tiki (A)
100%
Tiki (A) (CYL)
100%
Tiki (Y)
100%
Tiki (Y) (Ancient)
100%
Alear (F) (Legendary)
88%
Alear (F) (Summer)
88%
Alear (M) (Legendary)
88%
Alear (M) (Winter)
88%
Ena
88%
Medeus
88%
Medeus (Ancient)
88%
Nah
88%
Kurthnaga
75%
Mila
75%
Sothis
75%
Lumera (Fallen)
63%
Lumera (Mythic)
63%
Kana (F)
50%
Kana (F) (New Year)
50%
Kana (M)
50%
Kana (M) (New Year)
50%
Nel
50%
Nel (Wedding)
50%
Seiros
50%
Garon
38%
No matching quizzes found
Score Distribution
Percent of People with Each Score
Percentile by Number Answered
Your Score History
You have not taken this quiz since the last reset